Statistics for Countries with Flamingos

Click here to take the quiz!

General Stats

  • This quiz has been taken 24 times
  • The average score is 49 of 77

Answer Stats

Continent Country % Correct
North AmericaUnited States of America
88%
AfricaMorocco
79%
North AmericaMexico
79%
South AmericaArgentina
79%
South AmericaBrazil
79%
South AmericaChile
79%
South AmericaEcuador
75%
EuropeItaly
75%
EuropeSpain
75%
AfricaGuinea Bissau
75%
AfricaGuinea
75%
EuropeFrance
75%
AfricaTunisia
75%
AfricaAlgeria
75%
South AmericaBolivia
75%
South AmericaColombia
75%
AfricaDjibouti
71%
AfricaUganda
71%
AfricaEgypt
71%
AfricaEritrea
71%
AfricaLibya
71%
AfricaBenin
71%
AfricaKenya
71%
South AmericaGuyana
71%
EuropePortugal
71%
AfricaMauritania
67%
AfricaLiberia
67%
South AmericaParaguay
67%
AfricaRwanda
67%
AfricaSenegal
67%
AfricaBotswana
67%
AfricaSouth Africa
67%
Asia/ EuropeTurkey
67%
AfricaSudan
67%
North AmericaHaiti
67%
South AmericaUruguay
67%
AfricaMozambique
67%
AfricaGambia
67%
North AmericaCuba
67%
AfricaTanzania
67%
South AmericaSuriname
63%
South AmericaVenezuela
63%
South AmericaPeru
63%
AfricaTogo
63%
AfricaNigeria
63%
AfricaZambia
63%
AfricaZimbabwe
63%
AfricaNamibia
63%
AfricaBurundi
63%
AfricaCameroon
63%
North AmericaDominican Republic
63%
AfricaEquatorial Guinea
63%
AsiaIsrael
63%
AsiaIran
58%
North Americathe Bahamas
58%
EuropeBulgaria
58%
North AmericaJamaica
58%
AfricaEthiopia
58%
AsiaIraq
58%
EuropeCyprus
54%
AfricaGhana
54%
AsiaIndia
54%
AfricaSierra Leone
54%
AfricaSomalia
54%
AsiaKuwait
54%
AfricaMalawi
54%
AsiaLebanon
54%
AfricaSwaziland
50%
AfricaIvory Coast
50%
AsiaSri Lanka
46%
AfricaLesotho
46%
AsiaPakistan
46%
AsiaSyria
42%
AsiaTurkmenistan
38%
AsiaUzbekistan
38%
AsiaNepal
33%
AsiaKazakhstan
33%

Score Distribution

Percentile by Number Answered

Percent of People with Each Score

Your Score History

You have not taken this quiz